Group Theory in Physics /

Uloženo v:
Podrobná bibliografie
Hlavní autor: Tung, Wu-Ki (autor)
Médium: Kniha
Jazyk:angličtina
Vydáno: Singapur : World Scientific, 1985, c1985
Témata:
Tagy: Přidat tag
Žádné tagy, Buďte první, kdo vytvoří štítek k tomuto záznamu!

MARC

LEADER 00000nam^a2200000^a^4500
001 000139046
005 20250521000000.0
009 20260310095450.434
020 |a 9971-966-56-5 
037 |a Acervo ITESO - Biblioteca 
041 |a ING 
082 |a 530. 152  |b TUN 
100 |a Tung, Wu-Ki  |e (autor) 
245 1 0 |a Group Theory in Physics /  |c W.K. Tung. 
264 4 |a Singapur :  |b World Scientific,  |c 1985, c1985 
300 |a XVIII, 344 p. 
336 |a texto  |b txt  |2 rdacontenido 
337 |a sin mediación  |b n  |2 rdamedio 
338 |a volumen  |b nc  |2 rdasoporte 
649 |a XX 
650 |a Grupos -  |x Teoría 
650 |a Física Matemática 
650 |a Matemáticas 
650 |a Ciencias Exactas 
910 |a Fondo General 
920 |a Impresos - Libros 
930 |a Colección General 
905 |a 101 
901 |a 0500067411  |b IT1  |c ACC  |u 20250521 
902 |a https://opac.biblio.iteso.mx/vufind/Record/000139046